De luz, de amor y de ceniza / (Record no. 183586)

MARC details
000 -LEADER
campo de control de longitud fija 00791nam a2200241 i 4500
001 - NÚMERO DE CONTROL
campo de control 183586
003 - IDENTIFICADOR DE NÚMERO DE CONTROL
campo de control ES-MaACL
005 - FECHA Y HORA DE LA ÚLTIMA TRANSACCIÓN
campo de control 20250307141812.0
008 - DATOS DE LONGITUD FIJA--INFORMACIÓN GENERAL
campo de control de longitud fija 140724s2011 sp | |||||||| | spa d
020 ## - NÚMERO INTERNACIONAL ESTÁNDAR DEL LIBRO
Número Internacional Estándar del Libro 978-84-15233-24-4
080 ## - NÚMERO DE LA CLASIFICACIÓN DECIMAL UNIVERSAL
Número de la Clasificación Decimal Universal 821.134.2-14"19"
100 1# - ENTRADA PRINCIPAL--NOMBRE DE PERSONA
Nombre de persona Lopera, José María.
9 (RLIN) 147304
245 10 - MENCIÓN DEL TÍTULO
Título De luz, de amor y de ceniza /
Mención de responsabilidad, etc. José María Lopera.
250 ## - MENCION DE EDICION
Mención de edición 1ª ed.
260 ## - PUBLICACIÓN, DISTRIBUCIÓN, ETC.
Lugar de publicación, distribución, etc. Madrid :
Nombre del editor, distribuidor, etc. Vitruvio,
Fecha de publicación, distribución, etc. 2011.
300 ## - DESCRIPCIÓN FÍSICA
Extensión 111 p. ;
Dimensiones 21 cm.
490 1# - MENCIÓN DE SERIE
Mención de serie Colección Baños del Carmen ;
Designación de volumen o secuencia 266
830 0# - PUNTO DE ACCESO ADICIONAL DE SERIE-TÍTULO UNIFORME
Título uniforme Colección Baños del Carmen
Designación de volumen o secuencia 266
9 (RLIN) 183030
852 ## - LOCALIZACIÓN
Ubicación ES-MaACL
Número de control de estantería A-13189
itemnumber 190528
Sublocalización o colección R.150148
Ubicación en estantería Depósito 1
Signatura antigua Olim: N-6189
Donativo/Legado Donación: José María Lopera
903 ## - NOMBRE PERSONAL DE DONANTE
9 147304
a Lopera, José María
e Donante
942 ## - ELEMENTOS DE ENTRADA SECUNDARIOS (KOHA)
Fuente del sistema de clasificación o colocación Clasificación decimal universal
Tipo de ítem Koha Libro impreso
Holdings
Estatus retirado Estado de pérdida Fuente del sistema de clasificación o colocación Estado de daño No para préstamo Biblioteca de origen Biblioteca actual Ubicación en estantería Fecha de adquisición Fuente de adquisición Total de préstamos Signatura topográfica completa Código de barras Visto por última vez Precio de reemplazo Tipo de ítem Koha
    Clasificación decimal universal     Biblioteca del Ateneo de Madrid Biblioteca del Ateneo de Madrid Depósito 1 24/07/2014 Donación   A-13189 1192968 23/02/2023 23/02/2023 Libro impreso